000
00269nam a2200121Ia 4500
005
20251222140112.0
008
251222s1900||||xx |||||||||||||| ||spa||
082
_a
121/N99
100
_a
Nuvoli, Felice
245
0
_a
Veritá e Conoscenza:
264
_b
Cusl
942
_c
LIB
999
_c
4331
_d
4331